000 00761nas a2200253 4500
001 BR2011002720
003 BR-BrBNA
005 20231205115448.0
007 ta
008 230509b bl.|||p| |||| 00| 00por d
040 _aBR-BrBNA
_bpor
_cBiblioteca Nacional de Agricultura
041 _a(Pt)
072 _aQ03
100 1 _aNascimento, M. da S. do
100 1 _aSilva, N. da
245 1 _aTratamentos químicos na sanitização de morango (Fragaria vesca L)
650 _aMORANGO
650 _aDESINFECÇÃO
650 _aCLORO
650 _aTOXIDEZ
773 0 _tBrazilian Journal of Food Technology (Brazil)
_xISSN 1519-0900
_g(Jan-Mar 2010), v. 13(1) p. 11-17
_wBR2011002720
909 _a202311
_bLúcia
_c55
_dLúcia Elande
942 _2AGRIS
_n0
_cANA
999 _c213932
_d213932